| 000 | 00679nam a2200217 i 4500 | ||
|---|---|---|---|
| 001 | 123567 | ||
| 003 | ES-MaACL | ||
| 005 | 20250602063226.0 | ||
| 007 | t| | ||
| 008 | 070214s1979 sp r ||||1| spa d | ||
| 100 | 1 |
_aRahner, Karl, _d1904-1984 _995012 |
|
| 245 | 1 | 0 |
_aDios con nosotros _b: meditaciones / _cpor Karl Rahner ; traducción por Bernardo Bravo. |
| 260 |
_aMadrid : _bEdica, _c1979. |
||
| 300 |
_a102 p. ; _c19 cm. |
||
| 490 | 1 |
_aBAC Popular ; _v16 |
|
| 650 | 0 | 4 |
_aAño litúrgico- _vMeditaciones. _99904 |
| 700 | 1 |
_aBravo, Bernardo. _931445 |
|
| 830 | 0 |
_aBAC Popular ; _v16 _9180920 |
|
| 852 |
_aES-MaACL _jA-10052 _bR.98921 |
||
| 999 |
_c123567 _d123567 |
||